Quiz Countryballs (Français) - Statistiques

Statistiques générales
  • Ce quiz a été pris 88 fois
  • Le résultat moyen est 19 sur 24
Statistiques - réponses
Par images Réponse % Correct
France
100%
Espagne
99%
Australie
96%
Inde
93%
Japon
93%
Turquie
90%
Algérie
89%
Suisse
89%
Suède
88%
Chine
86%
Croatie
86%
Russie
83%
Finlande
82%
Tchéquie
79%
Vietnam
79%
Vatican
78%
Hongrie
76%
Pérou
74%
Bangladesh
72%
Kenya
68%
Burkina Faso
57%
Namibie
49%
Soudan
49%
Kirghizistan
46%
Aucun quiz correspondant
Distribution des résultats
% des personnes avec chaque résultat
Percentile par nombre de réponses
Votre historique - résultats
Vous n’avez pas pris ce quiz